[Event "14th EUR-ch"]
[Site "Legnica POL"]
[Date "2013.05.07"]
[Round "3"]
[White "Blubaum, Matthias"]
[Black "Guseinov, Gadir"]
[Result "1/2-1/2"]
[WhiteElo "2511"]
[BlackElo "2623"]
[EventDate "2013.05.05"]
[PlyCount "93"]

1.d4 Nf6 2.c4 g6 3.Nc3 Bg7 4.e4 d6 5.Nf3 O-O 6.Be2 e5 7.Be3 exd4 8.Nxd4 
Re8 9.f3 Nc6 10.O-O Nh5 11.Qd2 Nf4 12.Rfd1 Nxd4 13.Bxd4 Bxd4+ 14.Qxd4 
Nxe2+ 15.Nxe2 b6 16.Rac1 Bb7 17.Nc3 Qg5 18.Qd2 Qe5 19.Nd5 Bxd5 20.cxd5 Re7
21.Rc4 f5 22.Qc3 Qxc3 23.Rxc3 fxe4 24.Re1 Rf8 25.Rxe4 Rxe4 26.fxe4 Rf7 27.
b4 Re7 28.Kf2 Rxe4 29.Rxc7 Rxb4 30.Rxa7 Rd4 31.Rb7 Rxd5 32.Rxb6 Rd2+ 33.
Kf3 Kf7 34.a4 Ke6 35.a5 Ra2 36.Ra6 Kd5 37.h4 h5 38.Ra8 Ra3+ 39.Kf2 Ke4 40.
a6 d5 41.a7 Kd4 42.g3 Ra6 43.Kg2 Ra1 44.Kf2 Ra3 45.Kg2 Ra6 46.Kg1 Ra2 47.
Kh1 1/2-1/2

[Event "14th EUR-ch"]
[Site "Legnica POL"]
[Date "2013.05.07"]
[Round "3"]
[White "Bukavshin, Ivan"]
[Black "Popov, Ivan"]
[Result "0-1"]
[WhiteElo "2520"]
[BlackElo "2620"]
[EventDate "2013.05.05"]
[PlyCount "106"]

1.Nf3 Nf6 2.c4 g6 3.d4 Bg7 4.g3 O-O 5.Bg2 d6 6.Nc3 Nc6 7.O-O Bf5 8.h3 Ne4 
9.Nd5 Nf6 10.Bg5 Be4 11.Nc3 Bxf3 12.Bxf3 Nd7 13.Be3 e5 14.d5 Nd4 15.Bg2 f5
16.Qd2 f4 17.gxf4 Nf5 18.fxe5 Nxe3 19.Qxe3 Nxe5 20.Qe4 g5 21.e3 Ng6 22.f4 
Re8 23.Qf3 Qe7 24.fxg5 Bxc3 25.bxc3 Qxg5 26.Rae1 Rf8 27.Qe4 Rae8 28.Rxf8+ 
Rxf8 29.c5 dxc5 30.d6 Qg3 31.Rf1 cxd6 32.Qe6+ Kg7 33.Rxf8 Kxf8 34.Kf1 Qe5 
35.Qxe5 Nxe5 36.Bxb7 Kg7 37.Kf2 Kf6 38.Be4 h6 39.Kg3 Nc4 40.Kf4 a5 41.Bc6 
Nb2 42.Ke4 Nd1 43.Kd3 Ke5 44.Bf3 Nf2+ 45.Kc4 Nxh3 46.Kb5 Ng5 47.Bc6 Ne4 
48.Kxa5 Nxc3 49.a4 h5 50.Ka6 Nxa4 51.Bxa4 h4 52.Kb5 h3 53.Kc4 d5+ 0-1

[Event "14th EUR-ch"]
[Site "Legnica POL"]
[Date "2013.05.07"]
[Round "3"]
[White "Donchenko, Alexander"]
[Black "Mastrovasilis, Dimitrios"]
[Result "0-1"]
[WhiteElo "2452"]
[BlackElo "2610"]
[EventDate "2013.05.05"]
[PlyCount "120"]

1.c4 Nf6 2.g3 e5 3.Bg2 c6 4.d4 e4 5.Nc3 d5 6.cxd5 cxd5 7.Bg5 Nbd7 8.f3 h6 
9.Bf4 Bb4 10.Qb3 Qe7 11.Bd2 exf3 12.Nxf3 O-O 13.O-O Bxc3 14.Bxc3 Qe3+ 15.
Kh1 Re8 16.Rae1 Ne4 17.Bd2 Qxb3 18.axb3 Nxd2 19.Nxd2 Nf6 20.e4 dxe4 21.
Nxe4 Nxe4 22.Rxe4 Rxe4 23.Bxe4 Bh3 24.Ra1 Rd8 25.Rd1 b6 26.b4 Kf8 27.Kg1 
Ke7 28.Kf2 Rc8 29.Ra1 Rc7 30.Ke3 Kd6 31.Ra3 Re7 32.Kf3 f5 33.Ba8 g5 34.Kf2
Rc7 35.Ke3 Bf1 36.Bf3 Bb5 37.h4 Re7+ 38.Kd2 g4 39.Ba8 Re2+ 40.Kc1 Re1+ 41.
Kd2 Re2+ 42.Kc1 a6 43.Bb7 h5 44.Kb1 Re1+ 45.Kc2 Re2+ 46.Kb1 Re7 47.Bxa6 
Bxa6 48.Rxa6 Kd5 49.Kc2 Re2+ 50.Kd3 Rg2 51.Rxb6 Rxg3+ 52.Kc2 Rg2+ 53.Kb3 
f4 54.b5 f3 55.Rf6 Re2 56.Rf4 f2 57.b6 Kc6 58.Rf6+ Kb7 59.Kc4 g3 60.Kc5 
Re7 0-1

[Event "14th EUR-ch"]
[Site "Legnica POL"]
[Date "2013.05.07"]
[Round "3"]
[White "Cherednichenko, Svetlana"]
[Black "Andriasian, Zaven"]
[Result "0-1"]
[WhiteElo "2274"]
[BlackElo "2608"]
[EventDate "2013.05.05"]
[PlyCount "82"]

1.d4 d6 2.Nf3 g6 3.Bf4 Bg7 4.e3 Nd7 5.h3 e5 6.Bh2 Qe7 7.Be2 Nh6 8.c4 O-O 
9.Nc3 c6 10.b4 Nf5 11.Rc1 Re8 12.O-O h5 13.Re1 h4 14.Bd3 a5 15.a3 axb4 16.
axb4 Ra3 17.Bxf5 gxf5 18.c5 dxc5 19.bxc5 e4 20.Bd6 Qf6 21.Nd2 b5 22.Qc2 
Nf8 23.Ra1 Rxa1 24.Rxa1 Ng6 25.Ne2 Be6 26.Ra6 Bd5 27.Nb1 b4 28.Rb6 Bh6 29.
Qc1 f4 30.exf4 e3 31.fxe3 Qf5 32.Rb8 Rxb8 33.Bxb8 Qe4 34.Qf1 Qxe3+ 35.Qf2 
Qd3 36.Qe1 Qe4 37.Qf1 Bc4 38.Kf2 Nxf4 39.Bxf4 Bxf4 40.Qd1 Qe3+ 41.Kf1 Bg3 
0-1

[Event "14th EUR-ch"]
[Site "Legnica POL"]
[Date "2013.05.07"]
[Round "3"]
[White "Hovhannisian, Robert"]
[Black "Nasuta, Grzegorz"]
[Result "1-0"]
[WhiteElo "2607"]
[BlackElo "2299"]
[EventDate "2013.05.05"]
[PlyCount "77"]

1.c4 e5 2.Nc3 Nf6 3.Nf3 Nc6 4.d3 Bb4 5.Bd2 O-O 6.e3 Re8 7.Be2 d6 8.O-O Bf5
9.a3 Bxc3 10.Bxc3 e4 11.dxe4 Nxe4 12.Be1 Qf6 13.b4 Nc3 14.Bxc3 Qxc3 15.Qc1
Qxc1 16.Rfxc1 a5 17.b5 Ne5 18.c5 Bd3 19.Kf1 Nxf3 20.gxf3 Bxe2+ 21.Kxe2 d5 
22.c6 b6 23.Rd1 Rad8 24.Rd4 Kf8 25.Rad1 Re5 26.f4 Rh5 27.Kf3 Ke7 28.h4 Rd6
29.Kg4 g6 30.Kg3 Rf5 31.a4 Rh5 32.e4 f6 33.f3 h6 34.f5 g5 35.Rxd5 Rxh4 36.
Rxd6 cxd6 37.c7 Kd7 38.Rxd6+ Kxc7 39.Rxf6 1-0

[Event "14th EUR-ch"]
[Site "Legnica POL"]
[Date "2013.05.07"]
[Round "3"]
[White "Simacek, Pavel"]
[Black "Jobava, Baadur"]
[Result "0-1"]
[WhiteElo "2498"]
[BlackElo "2702"]
[EventDate "2013.05.05"]
[PlyCount "40"]

1.e4 e6 2.d4 d5 3.Nd2 c5 4.Ngf3 a6 5.exd5 exd5 6.dxc5 Bxc5 7.Nb3 Bb6 8.Be2
Nf6 9.O-O h6 10.Bf4 Nc6 11.c3 O-O 12.Qc2 Re8 13.h3 Ne4 14.Nbd4 Qf6 15.Be3 
Bxh3 16.gxh3 Qg6+ 17.Kh2 Bc7+ 18.Kh1 Nxd4 19.Nxd4 Qd6 20.Bf4 Qf6 0-1

[Event "14th EUR-ch"]
[Site "Legnica POL"]
[Date "2013.05.07"]
[Round "3"]
[White "Wojtaszek, Radoslaw"]
[Black "Predke, Alexander"]
[Result "0-1"]
[WhiteElo "2701"]
[BlackElo "2494"]
[EventDate "2013.05.05"]
[PlyCount "96"]

1.Nf3 Nf6 2.c4 b6 3.d4 e6 4.g3 Bb7 5.Bg2 Be7 6.O-O O-O 7.Re1 Na6 8.Nc3 Ne4
9.Bf4 f5 10.Qb3 c5 11.d5 Nxc3 12.Qxc3 Bf6 13.Qb3 Qe7 14.e4 fxe4 15.Nd2 Bd4
16.Nxe4 e5 17.Bg5 Qf7 18.Kh1 Qg6 19.f4 Rae8 20.fxe5 Bxe5 21.Bd2 d6 22.Ng5 
Nb4 23.Be4 Qh5 24.Qd1 Qxd1 25.Bxh7+ Kh8 26.Raxd1 Bxb2 27.Bg6 Nxd5 28.Rxe8 
Rxe8 29.cxd5 Bxd5+ 30.Kg1 Bd4+ 31.Kf1 Bc4+ 32.Kg2 Re2+ 33.Kh3 Rf2 34.Ne4 
Bf1+ 35.Kh4 Rxh2+ 36.Kg5 Be2 37.Re1 d5 38.Bf4 dxe4 39.Bxe4 Bc3 40.Rc1 Bf6+
41.Kf5 Bb5 42.Rd1 Bd4 43.g4 Bd7+ 44.Kg6 Be8+ 45.Kf5 Rf2 46.Bd5 g6+ 47.Ke4 
Kg7 48.Rh1 Bd7 0-1

[Event "14th EUR-ch"]
[Site "Legnica POL"]
[Date "2013.05.07"]
[Round "3"]
[White "Matinian, Nikita"]
[Black "Navara, David"]
[Result "0-1"]
[WhiteElo "2491"]
[BlackElo "2697"]
[EventDate "2013.05.05"]
[PlyCount "58"]

1.e4 c5 2.Nf3 d6 3.d4 cxd4 4.Nxd4 Nf6 5.Nc3 a6 6.Be3 e6 7.g4 e5 8.Nf5 g6 
9.g5 gxf5 10.exf5 d5 11.Qf3 d4 12.O-O-O Nbd7 13.Bxd4 exd4 14.Rxd4 Bc5 15.
Rd2 Qc7 16.gxf6 Nxf6 17.Bc4 Be7 18.Bb3 O-O 19.Re2 Kh8 20.Rg1 Bd6 21.Qg2 
Bf4+ 22.Kb1 Bh6 23.Nd5 Qc6 24.Re5 Nxd5 25.Bxd5 Qf6 26.Qe4 Bd7 27.Bxb7 Rab8
28.Bd5 Bg7 29.f4 Qb6 0-1

[Event "14th EUR-ch"]
[Site "Legnica POL"]
[Date "2013.05.07"]
[Round "3"]
[White "Pavlidis, Antonios"]
[Black "Laznicka, Viktor"]
[Result "1/2-1/2"]
[WhiteElo "2479"]
[BlackElo "2679"]
[EventDate "2013.05.05"]
[PlyCount "80"]

1.e4 d5 2.exd5 Qxd5 3.Nc3 Qa5 4.Bc4 Nf6 5.d4 Bf5 6.Nf3 e6 7.Bd2 Bb4 8.a3 
Bxc3 9.Bxc3 Qb6 10.O-O Nc6 11.a4 a5 12.Bb5 O-O 13.Nd2 Nb4 14.Nc4 Qa7 15.
Ne3 Bg6 16.Bd2 c6 17.Be2 c5 18.c3 Nd3 19.Nc4 cxd4 20.Bg5 Rfd8 21.Bxd3 dxc3
22.Ne5 Bxd3 23.Nxd3 Qd4 24.Bxf6 gxf6 25.bxc3 Qxd3 26.Qg4+ Kh8 27.Rab1 Rab8
28.Qh5 Qd7 29.Qxa5 Ra8 30.Qh5 Qe7 31.Qf3 Rd7 32.Rb4 Ra5 33.g3 Rf5 34.Qe4 
Re5 35.Qf3 Rf5 36.Qe4 Re5 37.Qf3 Rf5 38.Qe4 Re5 39.Qf3 Rf5 40.Qe4 Re5 
1/2-1/2

[Event "14th EUR-ch"]
[Site "Legnica POL"]
[Date "2013.05.07"]
[Round "3"]
[White "Danielian, Elina"]
[Black "Fedorchuk, Serhii"]
[Result "0-1"]
[WhiteElo "2478"]
[BlackElo "2660"]
[EventDate "2013.05.05"]
[PlyCount "86"]

1.d4 Nf6 2.Nf3 e6 3.e3 b6 4.Bd3 Bb7 5.O-O d5 6.c4 Bd6 7.cxd5 exd5 8.Nc3 
O-O 9.Qc2 a6 10.e4 dxe4 11.Nxe4 h6 12.Ne5 Nd5 13.Qe2 Nc6 14.Qh5 Bxe5 15.
dxe5 Qe7 16.Bxh6 gxh6 17.Qxh6 Qxe5 18.Nc3 Qg7 19.Qxg7+ Kxg7 20.Nxd5 Rad8 
21.Be4 f5 22.Nxc7 fxe4 23.Ne6+ Kf6 24.Nxf8 Rxf8 25.Rad1 Ke6 26.f3 Nb4 27.
a3 Nd3 28.Rd2 Rg8 29.fxe4 Nc5 30.Rf4 Nxe4 31.Re2 Ke5 32.Rf7 Bd5 33.Ra7 Kd4
34.Rxa6 Kd3 35.Kf1 Rf8+ 36.Ke1 Rc8 37.Rxe4 Bxe4 38.Rxb6 Ke3 39.Rd6 Rc2 40.
b4 Rxg2 41.Rf6 Re2+ 42.Kf1 Bg2+ 43.Kg1 Bh3 0-1

[Event "14th EUR-ch"]
[Site "Legnica POL"]
[Date "2013.05.07"]
[Round "3"]
[White "Fodor, Tamas jr"]
[Black "Georgiev, Kiril"]
[Result "1/2-1/2"]
[WhiteElo "2475"]
[BlackElo "2657"]
[EventDate "2013.05.05"]
[PlyCount "115"]

1.d4 Nf6 2.c4 g6 3.Nc3 d5 4.cxd5 Nxd5 5.Bd2 Bg7 6.e4 Nxc3 7.Bxc3 O-O 8.Nf3
c5 9.d5 e6 10.Bc4 exd5 11.Bxd5 Nd7 12.O-O Qe7 13.Rc1 Nb6 14.Bxg7 Kxg7 15.
Qd2 Nxd5 16.Qxd5 Be6 17.Qxc5 Qxc5 18.Rxc5 Bxa2 19.Rc7 Rfc8 20.Rfc1 Rxc7 
21.Rxc7 b5 22.Kf1 a5 23.Nd2 Rd8 24.Ke2 Be6 25.Rb7 b4 26.Rb5 Ra8 27.Kd3 Ra7
28.Nf3 Bd7 29.Rb6 Rc7 30.Nd4 g5 31.Ra6 a4 32.Ra5 h6 33.Ra6 h5 34.Ra5 Kg6 
35.Ra6+ Kg7 36.Ra5 Kf6 37.Ra6+ Ke7 38.Nf5+ Bxf5 39.exf5 a3 40.bxa3 Rc3+ 
41.Ke4 Rxa3 42.Rb6 b3 43.f6+ Kd7 44.Kf5 Kc7 45.Rb4 Kc6 46.Kxg5 Ra5+ 47.Kh6
Rb5 48.Rc4+ Rc5 49.Rb4 Rb5 50.Rc4+ Kd5 51.Rc1 Ke6 52.Kg7 b2 53.Rb1 Kf5 54.
h4 Rb7 55.f3 Rb4 56.g4+ hxg4 57.fxg4+ Rxg4+ 58.Kxf7 1/2-1/2

[Event "14th EUR-ch"]
[Site "Legnica POL"]
[Date "2013.05.07"]
[Round "3"]
[White "Pacher, Milan"]
[Black "Gajewski, Grzegorz"]
[Result "0-1"]
[WhiteElo "2470"]
[BlackElo "2653"]
[EventDate "2013.05.05"]
[PlyCount "100"]

1.e4 c5 2.Nf3 d6 3.d4 cxd4 4.Nxd4 Nf6 5.Nc3 a6 6.Be2 e5 7.Nb3 Be7 8.Bg5 
O-O 9.Bxf6 Bxf6 10.Qd3 Nc6 11.O-O-O Be7 12.Nd5 Be6 13.Kb1 Bxd5 14.Qxd5 Qc7
15.h4 Rfc8 16.Bg4 Rd8 17.Rh3 a5 18.Rf3 Bf6 19.c3 Ne7 20.Qd2 a4 21.Na1 a3 
22.b3 d5 23.Rd3 Ng6 24.g3 dxe4 25.Rxd8+ Rxd8 26.Qe3 Rxd1+ 27.Bxd1 Ne7 28.
c4 Qd6 29.Kc1 Qd4 30.Nc2 Qb2+ 31.Kd2 Qxa2 32.Qa7 g5 33.Qxb7 gxh4 34.gxh4 
Bxh4 35.Qa8+ Kg7 36.Qxa3 Qxa3 37.Nxa3 Bxf2 38.b4 f5 39.c5 Nd5 40.c6 Be3+ 
41.Ke1 Bb6 42.Nc4 Bc7 43.b5 Kf6 44.Bh5 Kg5 45.Bf7 Nb6 46.Nd2 h5 47.Kf2 h4 
48.Kg2 Kf4 49.Nb3 Kg4 50.Nc5 e3 0-1

[Event "14th EUR-ch"]
[Site "Legnica POL"]
[Date "2013.05.07"]
[Round "3"]
[White "Istratescu, Andrei"]
[Black "Petenyi, Tamas"]
[Result "1-0"]
[WhiteElo "2651"]
[BlackElo "2455"]
[EventDate "2013.05.05"]
[PlyCount "49"]

1.d4 Nc6 2.d5 Ne5 3.f4 Ng6 4.e4 e5 5.dxe6 fxe6 6.Nf3 b6 7.Bd3 Bb7 8.Qe2 
Qf6 9.g3 O-O-O 10.h4 Nh6 11.Nc3 Nf7 12.Rf1 Bb4 13.Bd2 e5 14.a3 Bxc3 15.
Bxc3 d6 16.fxe5 Qe7 17.exd6 Qxd6 18.e5 Bxf3 19.Ba6+ Kd7 20.Rxf3 Nfxe5 21.
Re3 Ke6 22.h5 Qc6 23.Rxe5+ Nxe5 24.Qxe5+ Kf7 25.Qxg7+ 1-0

[Event "14th EUR-ch"]
[Site "Legnica POL"]
[Date "2013.05.07"]
[Round "3"]
[White "Antipov, Mikhail"]
[Black "Fridman, Daniel"]
[Result "1-0"]
[WhiteElo "2464"]
[BlackElo "2648"]
[EventDate "2013.05.05"]
[PlyCount "75"]

1.e4 e6 2.d4 d5 3.Nc3 Nf6 4.Bg5 dxe4 5.Nxe4 Nbd7 6.Nf3 h6 7.Nxf6+ Nxf6 8.
Be3 Bd6 9.Bd3 O-O 10.c3 b6 11.Qc2 Bb7 12.O-O-O Qe7 13.Ne5 c5 14.Nc4 cxd4 
15.Nxd6 dxe3 16.Nxb7 Qxb7 17.fxe3 Rac8 18.Kb1 b5 19.Qe2 Rc5 20.Ka1 Rb8 21.
Bb1 a5 22.Rd4 b4 23.cxb4 axb4 24.Rhd1 Rcc8 25.Qd3 Kf8 26.e4 Qc7 27.Rd6 Qc5
28.Qg3 e5 29.Qb3 Ke7 30.R6d2 Qa5 31.Bc2 Rc7 32.Bb1 Rbc8 33.Qg3 Ra8 34.Qb3 
Rac8 35.Qg3 Ra8 36.Qxg7 b3 37.Rd5 Rc5 38.Rd6 1-0

[Event "14th EUR-ch"]
[Site "Legnica POL"]
[Date "2013.05.07"]
[Round "3"]
[White "Rodshtein, Maxim"]
[Black "Fauland, Alexander"]
[Result "1/2-1/2"]
[WhiteElo "2638"]
[BlackElo "2449"]
[EventDate "2013.05.05"]
[PlyCount "109"]

1.Nf3 Nf6 2.c4 e6 3.Nc3 Bb4 4.Qc2 b6 5.a3 Bxc3 6.Qxc3 Bb7 7.e3 d6 8.b4 
Nbd7 9.Bb2 c5 10.Be2 Rc8 11.O-O O-O 12.d3 Qe7 13.a4 d5 14.b5 Rfe8 15.Ne5 
Red8 16.a5 Nxe5 17.Qxe5 Ne8 18.axb6 axb6 19.Ra7 dxc4 20.dxc4 Rc7 21.Bg4 
Rcd7 22.Bc3 h6 23.f4 f5 24.Be2 Nf6 25.Raa1 Be4 26.Rfd1 Bd3 27.Rxd3 Rxd3 
28.Bxd3 Ng4 29.Qxg7+ Qxg7 30.Bxg7 Rxd3 31.h3 Nxe3 32.Bxh6 Nxc4 33.Ra7 Nd6 
34.Rg7+ Kh8 35.h4 c4 36.Rc7 Kg8 37.Rg7+ Kh8 38.Rc7 Nxb5 39.Rxc4 Kh7 40.Bg5
Kg6 41.Rc8 Nd6 42.Rg8+ Kh5 43.Rd8 Rd2 44.Rh8+ Kg4 45.Rg8 Ne4 46.Kh2 Rd1 
47.Bd8+ Kxf4 48.h5 Nf2 49.Bg5+ Ke5 50.g3 Ng4+ 51.Kg2 Rd7 52.h6 Ra7 53.Rg7 
Ra2+ 54.Kg1 Ra1+ 55.Kg2 1/2-1/2

[Event "14th EUR-ch"]
[Site "Legnica POL"]
[Date "2013.05.07"]
[Round "3"]
[White "Kjartansson, Gudmundur"]
[Black "Nyzhnyk, Illya"]
[Result "1-0"]
[WhiteElo "2446"]
[BlackElo "2635"]
[EventDate "2013.05.05"]
[PlyCount "107"]

1.d4 Nf6 2.c4 g6 3.Nc3 Bg7 4.e4 d6 5.f3 a6 6.Be3 c6 7.c5 b5 8.cxb6 Nbd7 9.
Qd2 Nxb6 10.Rc1 O-O 11.Nd1 Bd7 12.Bd3 a5 13.Ne2 Qb8 14.O-O Rc8 15.Nf2 a4 
16.Qb4 Be6 17.Qa3 Qb7 18.Rc2 Ne8 19.Rfc1 Bd7 20.g4 e5 21.dxe5 Bxe5 22.f4 
Bg7 23.Ng3 c5 24.Bf1 Nc7 25.e5 dxe5 26.Nge4 exf4 27.Nd6 Qf3 28.Bxc5 Qxa3 
29.Bxa3 Ncd5 30.Nxc8 Rxc8 31.Rxc8+ Bxc8 32.Bg2 Be6 33.Rc6 Bd4 34.Bc5 Bxc5 
35.Rxc5 Ne3 36.Nd3 Bxa2 37.Nxf4 Nxg4 38.Nd5 Bxd5 39.Bxd5 Ne5 40.Rb5 Nxd5 
41.Rxd5 Nc4 42.Rb5 a3 43.b3 Ne3 44.Ra5 Nc2 45.Ra4 Kf8 46.Kf2 Ke7 47.Ke2 a2
48.Rxa2 Nb4 49.Ra7+ Ke6 50.Rb7 Nd5 51.b4 h5 52.b5 h4 53.b6 g5 54.Kf3 1-0

[Event "14th EUR-ch"]
[Site "Legnica POL"]
[Date "2013.05.07"]
[Round "3"]
[White "Sipila, Vilka"]
[Black "Kozul, Zdenko"]
[Result "0-1"]
[WhiteElo "2445"]
[BlackElo "2624"]
[EventDate "2013.05.05"]
[PlyCount "84"]

1.c4 g6 2.g3 c6 3.Bg2 d5 4.cxd5 cxd5 5.Qb3 e6 6.Nf3 Bg7 7.O-O Nc6 8.Nc3 
Nge7 9.e4 d4 10.Nb5 a6 11.Qa3 O-O 12.Nd6 d3 13.e5 Nf5 14.Nxf5 exf5 15.b3 
Re8 16.Bb2 Bf8 17.b4 Be6 18.Qa4 Nxb4 19.Nd4 Bd5 20.a3 Bxg2 21.Kxg2 Qd5+ 
22.Kg1 b5 23.Qd1 Nc6 24.Nxc6 Qxc6 25.Rc1 Qd5 26.Rc7 Rec8 27.Qc1 Bc5 28.
Rxc8+ Rxc8 29.Qa1 Bf8 30.Re1 Rc2 31.Bc1 Bc5 32.e6 fxe6 33.Qf6 Bd4 34.Qe7 
e5 35.a4 Qc5 36.Qd8+ Kg7 37.Kg2 b4 38.h4 Qc7 39.Qe8 Qc6+ 40.Kf1 Qxe8 41.
Rd1 Qc6 42.Re1 Qh1# 0-1

[Event "14th EUR-ch"]
[Site "Legnica POL"]
[Date "2013.05.07"]
[Round "3"]
[White "Mammadov, Zaur"]
[Black "Melkumian, Hrant"]
[Result "0-1"]
[WhiteElo "2442"]
[BlackElo "2622"]
[EventDate "2013.05.05"]
[PlyCount "114"]

1.e4 e5 2.Nf3 Nc6 3.Bb5 a6 4.Bxc6 dxc6 5.O-O Qf6 6.d3 Ne7 7.Bg5 Qd6 8.Na3 
Be6 9.Qe2 Ng6 10.Rad1 f6 11.Be3 c5 12.c3 Qc6 13.Rfe1 Bd6 14.Bc1 Bxa2 15.d4
Bb3 16.Rd2 cxd4 17.cxd4 O-O 18.dxe5 fxe5 19.Rd3 Be6 20.Ng5 Bc5 21.Kh1 Rxf2
22.Qh5 Nf8 23.Rc3 Qd6 24.Rg3 Bf7 25.Nxf7 Rxf7 26.Nc4 Qf6 27.Rf3 Qg6 28.
Qxe5 Nd7 29.Qc3 Raf8 30.Nd2 Qe6 31.Rxf7 Rxf7 32.Nf3 h6 33.b4 Bb6 34.Bb2 
Nf6 35.Nd4 Bxd4 36.Qxd4 Nxe4 37.Kg1 Qf5 38.Rd1 Nd6 39.Re1 Qf4 40.g3 Qxd4+ 
41.Bxd4 Rd7 42.Kg2 Kf7 43.Rf1+ Ke6 44.Rf8 Nf5 45.Bf2 Rf7 46.Rb8 Nd6 47.h4 
Kd5 48.Rd8 Kc4 49.Be1 Re7 50.Kf1 Nf5 51.Rb8 c6 52.Rf8 Ne3+ 53.Kf2 Nd5 54.
Rf5 g6 55.Rf8 h5 56.Kf1 Re6 57.Rb8 b5 0-1

[Event "14th EUR-ch"]
[Site "Legnica POL"]
[Date "2013.05.07"]
[Round "3"]
[White "Bartel, Mateusz"]
[Black "Schachinger, Mario"]
[Result "1-0"]
[WhiteElo "2619"]
[BlackElo "2443"]
[EventDate "2013.05.05"]
[PlyCount "105"]

1.e4 e5 2.Nf3 Nc6 3.Bb5 a6 4.Ba4 Nf6 5.O-O Be7 6.d3 b5 7.Bb3 d6 8.a3 O-O 
9.Nc3 h6 10.h3 Be6 11.Nd5 Na5 12.Ba2 c6 13.Nxf6+ Bxf6 14.Bxe6 fxe6 15.b4 
Nb7 16.c4 Qd7 17.Be3 c5 18.Qb3 Rfc8 19.Rab1 Kh7 20.Rfc1 cxb4 21.axb4 Nd8 
22.c5 dxc5 23.Bxc5 Nc6 24.Ra1 Be7 25.Qb2 Bxc5 26.Rxc5 Qxd3 27.Rac1 Qd7 28.
Kh2 Qd6 29.R1c2 Ne7 30.Rd2 Qb8 31.Rxc8 Nxc8 32.Qb3 Qb6 33.Nxe5 Ra7 34.Qg3 
Ne7 35.Nd7 Qc7 36.Ne5 Qb8 37.f4 a5 38.Qg4 Qc8 39.bxa5 b4 40.Rd3 Qf8 41.Rb3
Rxa5 42.Rxb4 Qc8 43.Rb3 Ra7 44.Rd3 Ra1 45.Rg3 Qg8 46.Nd7 Ra6 47.Qh5 Kh8 
48.Qb5 Rd6 49.Nf6 Qd8 50.Ne8 Rd1 51.Qe5 Qd4 52.Qxg7+ Qxg7 53.Rxg7 1-0

[Event "14th EUR-ch"]
[Site "Legnica POL"]
[Date "2013.05.07"]
[Round "3"]
[White "Solak, Dragan"]
[Black "Anton, Teodor"]
[Result "1-0"]
[WhiteElo "2602"]
[BlackElo "2441"]
[EventDate "2013.05.05"]
[PlyCount "69"]

1.e4 e5 2.Nf3 Nc6 3.Bb5 a6 4.Bxc6 dxc6 5.O-O Bg4 6.h3 Bh5 7.g4 Bg6 8.Nxe5 
Qh4 9.Qf3 f6 10.Nxg6 hxg6 11.Kg2 g5 12.d3 Ne7 13.Rh1 O-O-O 14.Nd2 Qh7 15.
Qe3 Kb8 16.Nf3 Ng6 17.Qe1 Bd6 18.b4 Qg8 19.a4 Qe6 20.b5 Rxh3 21.Rxh3 Qxg4+
22.Rg3 Bxg3 23.fxg3 Rh8 24.bxc6 Ne5 25.Nxe5 Qh3+ 26.Kf3 fxe5 27.Ke3 Qh6 
28.Kd2 Qd6 29.Qg1 Rh3 30.Bb2 g4 31.Re1 Qh6+ 32.Qe3 Qxc6 33.Bxe5 Rh2+ 34.
Re2 Rh1 35.Qd4 1-0

[Event "14th EUR-ch"]
[Site "Legnica POL"]
[Date "2013.05.07"]
[Round "3"]
[White "Svetuschin, Dumitru"]
[Black "Drozdowski, Kacper"]
[Result "1-0"]
[WhiteElo "2588"]
[BlackElo "2435"]
[EventDate "2013.05.05"]
[PlyCount "100"]

1.d4 Nf6 2.c4 g6 3.Nc3 d5 4.Nf3 Bg7 5.e3 O-O 6.b4 c6 7.Bb2 Bg4 8.h3 Bxf3 
9.Qxf3 a5 10.b5 a4 11.Rc1 Qa5 12.cxd5 cxd5 13.Bd3 Nbd7 14.O-O a3 15.Ba1 
Nb6 16.Nb1 Rfc8 17.Bc3 Qa4 18.Bd2 e6 19.Nc3 Qa7 20.Nb1 Ne8 21.Bb4 Bf8 22.
Bxf8 Kxf8 23.Nd2 Na4 24.Nb3 b6 25.e4 Nc3 26.Rc2 dxe4 27.Bxe4 Nxe4 28.Rxc8 
Rxc8 29.Qxe4 Qd7 30.Rd1 Nc7 31.Qe5 Kg8 32.Rc1 Nd5 33.Rxc8+ Qxc8 34.Qd6 Qa8
35.Nd2 Qa5 36.Qb8+ Kg7 37.Qe5+ Kf8 38.Qd6+ Ke8 39.Nf3 Qa7 40.Qc6+ Kf8 41.
Ne5 Kg7 42.Qe8 Qc7 43.g3 Nc3 44.Nd7 Qd6 45.Qd8 Nxb5 46.Qf6+ Kg8 47.Qd8+ 
Kg7 48.Qf6+ Kg8 49.Qd8+ Kg7 50.Qf6+ Kg8 1-0

[Event "14th EUR-ch"]
[Site "Legnica POL"]
[Date "2013.05.07"]
[Round "3"]
[White "Iordachescu, Viorel"]
[Black "Meribanov, Vitaly"]
[Result "1/2-1/2"]
[WhiteElo "2582"]
[BlackElo "2431"]
[EventDate "2013.05.05"]
[PlyCount "80"]

1.e4 e5 2.Nf3 Nc6 3.Bb5 a6 4.Ba4 Nf6 5.O-O Be7 6.Re1 b5 7.Bb3 d6 8.c3 O-O 
9.h3 Na5 10.Bc2 c5 11.d4 Qc7 12.Nbd2 cxd4 13.cxd4 Bb7 14.d5 Bc8 15.Re3 Bd7
16.Rc3 Qb8 17.b4 Nb7 18.Nb3 a5 19.bxa5 Nxa5 20.Nxa5 Rxa5 21.Bd2 Qa7 22.Be3
Qa6 23.Qb1 Ra8 24.Bb3 Bd8 25.Nd2 Bb6 26.Qe1 Bxe3 27.Qxe3 Rc8 28.Rac1 Rxc3 
29.Qxc3 Ne8 30.Qb4 Qa7 31.Nf3 Ra6 32.Ne1 Qb6 33.Nd3 Ra7 34.Re1 h6 35.Rc1 
Rc7 36.Re1 Ra7 37.Qd2 Nc7 38.Nb4 Qa5 39.Rd1 Na6 40.Nxa6 Qxd2 1/2-1/2

[Event "14th EUR-ch"]
[Site "Legnica POL"]
[Date "2013.05.07"]
[Round "3"]
[White "Svane, Rasmus"]
[Black "Brunello, Sabino"]
[Result "0-1"]
[WhiteElo "2440"]
[BlackElo "2580"]
[EventDate "2013.05.05"]
[PlyCount "196"]

1.d4 d5 2.c4 c6 3.Nc3 Nf6 4.cxd5 cxd5 5.Bf4 Nc6 6.e3 Bg4 7.Qb3 Na5 8.Qa4+ 
Bd7 9.Qc2 e6 10.Bd3 Be7 11.Nf3 Nc6 12.Qe2 Nh5 13.Be5 f6 14.Bg3 f5 15.Be5 
Nf6 16.O-O O-O 17.Rac1 Ne4 18.h3 Be8 19.Qd1 Bh5 20.Be2 Bxf3 21.Bxf3 Nxe5 
22.dxe5 Ng5 23.Nb5 Qd7 24.Be2 Bd8 25.Nd4 Bb6 26.f4 Nf7 27.Bb5 Qe7 28.Qa4 
g5 29.Kh2 gxf4 30.exf4 Kh8 31.Nf3 Rg8 32.Rc2 Rg6 33.Qa3 Qd8 34.Rfc1 Qg8 
35.Bf1 Re8 36.Kh1 Qg7 37.Rc7 Rg8 38.Ng5 Rxg5 39.fxg5 Qxg5 40.Rc8 Rd8 41.
Rxd8+ Qxd8 42.Qc3 Qg5 43.Rd1 Kg7 44.Bb5 Qf4 45.Bd7 Ng5 46.Qa3 Qxe5 47.Qe7+
Kh6 48.Qf8+ Qg7 49.Qxg7+ Kxg7 50.g3 Kf6 51.Kg2 Ne4 52.Ba4 Ke5 53.Bc2 Bd4 
54.g4 fxg4 55.hxg4 Ng5 56.Kg3 Bxb2 57.Rb1 Bd4 58.Rxb7 h6 59.Rg7 Be3 60.Rg6
Bf4+ 61.Kf2 a5 62.Ke2 Nf7 63.Rg7 Kf6 64.Rg8 Bd6 65.Rg6+ Ke7 66.Rg7 Be5 67.
Rg8 Bc3 68.Rc8 Bb4 69.Rc7+ Kf6 70.Ke3 Ne5 71.Bd1 Bd6 72.Rc8 Nd7 73.Be2 
Bc5+ 74.Kd2 Bb4+ 75.Ke3 e5 76.Rc7 Nc5 77.Bf3 e4 78.Bg2 Ne6 79.Rc8 Bc5+ 80.
Ke2 Nf4+ 81.Kf1 Bb4 82.Kf2 e3+ 83.Kxe3 Nxg2+ 84.Kd4 Nf4 85.Rh8 Kg5 86.Rg8+
Kh4 87.Ke3 Kg3 88.g5 Bc5+ 89.Kd2 hxg5 90.Rxg5+ Kf3 91.Rg8 d4 92.Ra8 Bb4+ 
93.Kd1 Nd5 94.Rd8 Ne3+ 95.Kc1 Bc3 96.Rf8+ Ke2 97.Rh8 d3 98.Rh2+ Kf3 0-1

[Event "14th EUR-ch"]
[Site "Legnica POL"]
[Date "2013.05.07"]
[Round "3"]
[White "Diermair, Andreas"]
[Black "Kotronias, Vasilios"]
[Result "0-1"]
[WhiteElo "2431"]
[BlackElo "2580"]
[EventDate "2013.05.05"]
[PlyCount "76"]

1.d4 Nf6 2.c4 g6 3.Nf3 Bg7 4.Nc3 O-O 5.e4 d6 6.Be2 e5 7.O-O Nc6 8.d5 Ne7 
9.Ne1 Nd7 10.Be3 f5 11.f3 f4 12.Bf2 g5 13.Rc1 Rf6 14.Nd3 Rh6 15.c5 a6 16.
c6 bxc6 17.dxc6 Nf8 18.Nb4 Kh8 19.Ncd5 Nfg6 20.Rc3 Nxd5 21.Nxd5 Ne7 22.Bc4
Nxd5 23.Qxd5 g4 24.fxg4 Bxg4 25.Qf7 Rg6 26.Rb3 Bf6 27.Kh1 Rg7 28.Qd5 Qe8 
29.Bg1 Qg6 30.Rf2 Bh4 31.Rd2 Be1 32.Rc2 Rf8 33.Qd3 f3 34.g3 h5 35.Bf2 Bxf2
36.Rxf2 h4 37.Qe3 hxg3 38.hxg3 Rh7+ 0-1

[Event "14th EUR-ch"]
[Site "Legnica POL"]
[Date "2013.05.07"]
[Round "3"]
[White "Perunovic, Miodrag"]
[Black "Kislinsky, Alexey"]
[Result "0-1"]
[WhiteElo "2430"]
[BlackElo "2574"]
[EventDate "2013.05.05"]
[PlyCount "76"]

1.e4 c5 2.Nf3 g6 3.c3 Bg7 4.Bc4 d6 5.d4 Qc7 6.O-O Nc6 7.dxc5 dxc5 8.Qd5 
Be6 9.Qxc5 b6 10.Qb5 Bd7 11.Qd5 e6 12.Qd3 Nf6 13.Na3 O-O 14.Nb5 Qb8 15.Bg5
Na5 16.Nd6 Nxc4 17.Nxc4 Bb5 18.b3 Rc8 19.Nfd2 Nd7 20.Qh3 Bxc4 21.Nxc4 b5 
22.Ne3 Rxc3 23.Rad1 Qb7 24.Qh4 h5 25.Be7 a5 26.Ba3 Rcc8 27.Be7 Ra7 28.Rc1 
a4 29.h3 axb3 30.axb3 Ra2 31.Rfd1 Rxc1 32.Rxc1 Ne5 33.Bd6 Nc6 34.e5 Nxe5 
35.Rc7 Ra1+ 36.Kh2 Qb6 37.Qe7 Qd4 38.Nc2 Qf4+ 0-1

[Event "14th EUR-ch"]
[Site "Legnica POL"]
[Date "2013.05.07"]
[Round "3"]
[White "Mista, Aleksander"]
[Black "Goumas, Georgios"]
[Result "0-1"]
[WhiteElo "2574"]
[BlackElo "2410"]
[EventDate "2013.05.05"]
[PlyCount "98"]

1.c4 e6 2.g3 Nf6 3.Bg2 d5 4.Nf3 dxc4 5.Qa4+ Nbd7 6.Qxc4 Bd6 7.O-O O-O 8.d4
e5 9.Qc2 Qe7 10.Nc3 c6 11.Rd1 h6 12.h3 e4 13.Nh4 Nb6 14.Nxe4 Nxe4 15.Bxe4 
Re8 16.Bf3 Bxh3 17.Nf5 Qe6 18.Nxd6 Qxd6 19.e4 Qd7 20.a4 Bg4 21.Ra3 Bxf3 
22.Rxf3 Qg4 23.Re3 Nc4 24.Ree1 Nd6 25.e5 Nf5 26.Re4 Qg6 27.Qe2 Rad8 28.Qf3
Rd5 29.Rf4 Ne7 30.b3 Qe6 31.Ba3 Ng6 32.Re4 Ne7 33.Kg2 Red8 34.Bxe7 Qxe7 
35.Qe3 Qe6 36.Rh1 c5 37.dxc5 Rd3 38.Qe2 Qc6 39.b4 R3d4 40.Rh4 Rxb4 41.Kh2 
Rb1 42.e6 fxe6 43.Qa2 Rf1 44.Rhf4 g5 45.Rg4 Rf8 46.Kg2 R8xf2+ 47.Qxf2 
Rxf2+ 48.Kxf2 Qxc5+ 49.Re3 Qf5+ 0-1